Rozhodujúci nástroj boja proti organizovanej kriminalite? Spolupracujúci obvinený
V rámci textu budú obsiahnuté prostriedky trestného práva procesného na boj s organizovanou kriminalitou využívaných v trestnom konaní previazané so spolupracujúcim obvineným, konkrétne dočasné odloženie vznesenia obvinenia, zastavenie trestného stíhania spolupracujúceho obvineného, podmienečné zast...
Salvato in:
| Autore principale: | |
|---|---|
| Natura: | Capitolo di libro |
| Lingua: | slovacco |
| Soggetti: | |
| Tags: |
Nessun Tag, puoi essere il primo ad aggiungerne!!
|
MARC
| LEADER | 00000naa a2200000 4500 | ||
|---|---|---|---|
| 001 | 0295406 | ||
| 005 | 20240130082039.3 | ||
| 041 | 0 | |a slo | |
| 044 | |a SK | ||
| 245 | 1 | 0 | |a Rozhodujúci nástroj boja proti organizovanej kriminalite? Spolupracujúci obvinený |c Karin Vrtíková |
| 520 | |a V rámci textu budú obsiahnuté prostriedky trestného práva procesného na boj s organizovanou kriminalitou využívaných v trestnom konaní previazané so spolupracujúcim obvineným, konkrétne dočasné odloženie vznesenia obvinenia, zastavenie trestného stíhania spolupracujúceho obvineného, podmienečné zastavenie trestného stíhania spolupracujúceho obvineného a prerušenie trestného stíhania voči nemu. Primárnym cieľom je zhodnotenie slovenskej právnej úpravy spolupracujúceho obvineného. | ||
| 610 | 2 | 0 | |a kriminalita |
| 610 | 2 | 0 | |a právo trestné |
| 610 | 2 | 0 | |a spravodlivosť |
| 610 | 2 | 0 | |a úpravy právne |
| 610 | 2 | 0 | |a poriadok právny |
| 100 | 1 | |a Vrtíková, Karin | |